MARC

LEADER 00000nam0a2200000 4500
001 372216
005 20231102012444.0
035 |a (RuTPU)RU\TPU\retro\29637 
035 |a RU\TPU\book\94854 
090 |a 372216 
100 |a 20221214d1967 k y0rusy50 ca 
101 0 |a rus 
102 |a RU 
105 |a a z 001zy 
200 1 |a Вибрации при алмазном бурении  |f В. Е. Копылов, Ю. А. Чистяков, Э. М. Мухин 
210 |a Москва  |c Недра  |d 1967 
215 |a 128 с.  |c ил. 
320 |a Библиогр.: с. 126-128. 
606 1 |a Полезные ископаемые  |x Поиски и разведка  |2 stltpush  |3 (RuTPU)RU\TPU\subj\50100  |9 68847 
610 1 |a алмазное бурение 
610 1 |a вибрации 
610 1 |a виброгасители 
610 1 |a виброизоляция 
610 1 |a бурильные трубы 
610 1 |a гашение 
610 1 |a буровые станки 
675 |a 550.8  |v 3 
700 1 |a Копылов  |b В. Е.  |g Виктор Ефимович 
701 1 |a Чистяков  |b Ю. А.  |g Юрий Александрович 
701 1 |a Мухин  |b Э. М.  |g Эдуард Михайлович 
801 1 |a RU  |b 63413507  |c 20051223  |g PSBO 
801 2 |a RU  |b 63413507  |c 20221214  |g RCR 
942 |c BK